संसार हा सुखाचा (Record no. 981668)

MARC details
000 -LEADER
fixed length control field 00402nam a2200133Ia 4500
008 - FIXED-LENGTH DATA ELEMENTS--GENERAL INFORMATION
fixed length control field 151001s9999||||xx |||||||||||||| ||und||
100 ## - MAIN ENTRY--PERSONAL NAME
Personal name हिराकांत कलगुटकर
245 ## - TITLE STATEMENT
Title संसार हा सुखाचा
250 ## - EDITION STATEMENT
Edition statement 1
260 ## - PUBLICATION, DISTRIBUTION, ETC. (IMPRINT)
Name of publisher, distributor, etc मॅजेस्टीक प्रकाशन मुंबई
260 ## - PUBLICATION, DISTRIBUTION, ETC. (IMPRINT)
Date of publication, distribution, etc 1971
300 ## - PHYSICAL DESCRIPTION
Extent 97
365 ## - TRADE PRICE
Price amount 18

No items available.